|
|
|
|
| LEADER |
02257nam a2200361 a 4500 |
| 001 |
21779 |
| 003 |
BD-DhAAL |
| 008 |
110125s1977 pk bcf b 001 0 eng d |
| 999 |
|
|
|c 10392
|d 10392
|
| 010 |
|
|
|a 77930894
|
| 020 |
|
|
|a 9789848815090
|a 9840513737
|
| 040 |
|
|
|a DLC
|c DLC
|d DLC
|d BD-DhAAL
|
| 043 |
|
|
|a a-ii---
|a a-pk---
|a a-bg---
|
| 082 |
0 |
0 |
|a 954.9205
|
| 100 |
0 |
|
|a Salik, Siddiq
|9 1111
|
| 245 |
1 |
0 |
|a Witness to surrender /
|c Siddiq Salik.
|
| 260 |
|
|
|a Karachi :
|b Oxford University Press ;
|a Dhaka :
|b University Press Limited,
|c c1977 [third impression 2020].
|
| 300 |
|
|
|a 245 pages, [4] leaves of plates :
|b ports., maps ;
|c 22 cm.
|
| 490 |
0 |
|
|a Road to Bangladesh series
|
| 504 |
|
|
|a Includes bibliographical references and index.
|
| 526 |
|
|
|a GenEd
|
| 541 |
1 |
|
|a Donated By Akbar Ali Khan, Book Finder International
|e 21779, 38470, 39479
|
| 650 |
|
0 |
|a India-Pakistan Conflict, 1971.
|9 1112
|
| 651 |
|
|
|a Bangladesh
|x History
|y Revolution, 1971.
|9 51117
|
| 830 |
|
|
|a Road to Bangladesh series.
|9 51118
|
| 852 |
|
|
|a Ayesha Abed Library
|c General Stacks
|
| 942 |
|
|
|2 ddc
|c BK
|
| 952 |
|
|
|0 0
|1 0
|2 ddc
|4 0
|6 954_920500000000000_SAL
|7 0
|9 15928
|a BRACUL
|b BRACUL
|c GEN
|d 2011-03-30
|l 5
|m 6
|o 954.9205 SAL
|p 3010021779
|r 2025-12-28
|s 2025-12-21
|t 1
|w 2011-03-30
|y BK
|
| 952 |
|
|
|0 0
|1 0
|2 ddc
|4 0
|6 954_920500000000000_SAL
|7 0
|9 15929
|a BRACUL
|b BRACUL
|c GEN
|d 2011-03-30
|e The university press
|g 300.00
|l 1
|m 2
|o 954.9205 SAL
|p 3010022273
|r 2024-07-07
|s 2024-06-13
|t 2
|w 2011-03-30
|y BK
|x Transferred from BDI to BRACUL on 04/01/2024
|
| 952 |
|
|
|0 0
|1 0
|2 ddc
|4 0
|6 954_920500000000000_SAL
|7 0
|9 15930
|a BDI
|b BDI
|c GEN
|d 2011-03-30
|e The university press
|g 300.00
|l 0
|o 954.9205 SAL
|p 3050022267
|r 2011-03-30
|t 3
|w 2011-03-30
|y BK
|
| 952 |
|
|
|0 0
|1 0
|2 ddc
|4 0
|6 954_920500000000000_SAL
|7 1
|9 70540
|a BRACUL
|b BRACUL
|c AAKC
|d 2022-04-21
|e Donated by Akbar Ali Khan
|l 0
|o 954.9205 SAL
|p 3010038470
|r 2022-04-21
|t 4
|w 2022-04-21
|y BK
|
| 952 |
|
|
|0 0
|1 0
|2 ddc
|4 0
|6 954_920500000000000_SAL
|7 0
|9 71530
|a SCL
|b SCL
|c GEN
|d 2022-08-03
|e Book Finder International
|g 317.75
|l 2
|m 8
|o 954.9205 SAL
|p 3020039479
|r 2023-04-16
|s 2023-04-09
|t 5
|v 0.00
|w 2022-08-03
|y BK
|
| 952 |
|
|
|0 0
|1 0
|2 ddc
|4 0
|6 954_920500000000000_SAL
|7 0
|9 71531
|a SCL
|b SCL
|c GEN
|d 2022-08-03
|e Book Finder International
|g 317.75
|l 0
|o 954.9205 SAL
|p 3020039480
|r 2022-08-03
|t 6
|v 0.00
|w 2022-08-03
|y BK
|